header

Managing in discomfort zone (Record no. 122341)

MARC details
000 -LEADER
fixed length control field 00979nam a2200265Ia 4500
100 1# - MAIN ENTRY--AUTHOR NAME
Personal name Forsyth, Patrick.
245 10 - TITLE STATEMENT
Title Managing in discomfort zone
260 ## - PUBLICATION, DISTRIBUTION, ETC. (IMPRINT)
Place of publication Singapore :
Name of publisher Marshall Cavendish,
Year of publication c2005.
300 ## - PHYSICAL DESCRIPTION
Number of Pages 103 p.
650 #0 - SUBJECT ADDED ENTRY--TOPICAL TERM
Topical Term Management.
Topical Term Work environment.
856 40 - ELECTRONIC LOCATION AND ACCESS
Uniform Resource Identifier http://site.ebrary.com/lib/rucke/Doc?id=10515530

No items available.

© 2026 Rongo University
Contact us: librarian | system librarian | Rongo university